| 000 | 00655cam a22002531i 4500 | ||
|---|---|---|---|
| 001 | 8453059 | ||
| 003 | OSt | ||
| 005 | 20180116183025.0 | ||
| 008 | 770527s1964 nyu 000 0 eng | ||
| 010 | _a 64011907 | ||
| 015 | _aGB64-11521 | ||
| 035 | _a(OCoLC)2999577 | ||
| 040 |
_aDLC _cNmU _dUk _dDLC |
||
| 042 | _apremarc | ||
| 050 | 0 | 0 |
_aPZ4.W85 _bJe _aPS3573.O38 |
| 082 | _a823.91 WHO 1969 | ||
| 100 | 1 | _aWohl, Burton. | |
| 245 | 1 | 4 |
_aThe jet set. _cBurton Wohl |
| 260 |
_aNew York, _bDial Press, _c1964. |
||
| 300 |
_a316 p. _c22 cm. _bPB. |
||
| 440 | _aThe jet set | ||
| 906 |
_a7 _bcbc _coclcrpl _du _encip _f19 _gy-gencatlg |
||
| 942 |
_2ddc _cBK |
||
| 999 |
_c350742 _d350742 |
||